000 01080nam a2200301 i 4500
001 187637
003 ES-MaACL
005 20250815122201.0
008 171213s2016 sp a |||| | spa d
020 _a978-986-91912-2-7
080 _a75 Gavira, Jacobo
100 1 _aCampos Cañizares, José.
_9138349
245 1 0 _aEsencias de tauromaquia en la pintura de Jacobo Gavira /
_cJosé Campos Cañizares ; [traducción al chino, Lucía Jinyun Yang].
250 _a1ª ed.
260 _aTaichung :
_bCatay,
_c2016.
300 _a63 p. :
_bil. col. ;
_c25 cm.
490 1 _aOrígenes ;
_vn. 2
504 _aBibliografía: p. 21.
546 _aTexto en español y traducción en chino.
594 _aTítulo paralelo en chino.
650 7 _aPintura
_2embne
_916002
700 1 _aJinyun Yang, Lucia .
_9163918
830 0 _aOrígenes ;
_vn. 2
_9192810
852 _aES-MaACL
_jA-14133
_9194723
_bR.151378
_cDEPO1
_dOlim: N-7133
_hDonación: José Campos Cañizares
903 _9138349
_aCampos Cañizares, José
_ednr
942 _2udc
_cMONOGRAFIA
999 _c187637
_d187637